000 01027nam a2200265 a 4500
001 000028356
003 DO-SdBNP
005 20240710123700.0
007 ta
008 110408s1991 dr ac r 000 0 spa d
040 _aDO-SdBNP
_bspa
_cBNPHU
082 4 _a972.93
_bM385m
_222
100 1 _aMartínez Almanzar, Juan Francisco
_d1950 -
_910459
245 1 0 _aManual de historia crítica Dominicana (1492-1865) /
_cJuan Francisco Martínez Almánzar.
260 _aSanto Domingo :
_bCAIS,
_c1991.
300 _a2v. :
_bil., retrs., maps. ;
_c21 cm.
500 _aIncluye biografía del autor en la contracubierta
505 0 _gv.1.
_t1492-1865
_gv.2.
_t1865-1965
590 _aInventariado, 2019/MFF
651 4 _aRepública Dominicana
_xHistoria
_y1492-1965
_955326
651 4 _aIsla Española (Haití Y Repúplica Dominicana{Rpara}
_xHistoria
_y1492-1965
_955327
710 2 _aCentro de Adiestramientos e Investigación Social (República Dominicana)
_955328
910 _aValidado. Control de calidad. MFF
942 _2ddc
_cLBS1
999 _c27848
_d27848